000 00333nam a2200157Ia 4500
100 _aChakrabarti/Anirban
650 _aComputer security
942 _cBK
366 _f25
245 _aGrid Computing Security
260 _bSpringer
_c2007
082 _a5.8
_bCHA
300 _a331
546 _aENGLISH
_cComputers
999 _c25819
_d25819